Technical writing : (Record no. 478648)

000 -LEADER
fixed length control field 01170cam a2200313 a 4500
001 - CONTROL NUMBER
control field 13704945
003 - CONTROL NUMBER IDENTIFIER
control field NUST
005 - DATE AND TIME OF LATEST TRANSACTION
control field 20180625065437.0
008 - FIXED-LENGTH DATA ELEMENTS--GENERAL INFORMATION
fixed length control field 040830s2006 njua b 001 0 eng
010 ## - LIBRARY OF CONGRESS CONTROL NUMBER
LC control number 2004058675
020 ## - INTERNATIONAL STANDARD BOOK NUMBER
International Standard Book Number 0131196642 (paperback)
038 ## - RECORD CONTENT LICENSOR
Staff Name Arshad
040 ## - CATALOGING SOURCE
Original cataloging agency DLC
Transcribing agency DLC
Modifying agency DLC
050 00 - LIBRARY OF CONGRESS CALL NUMBER
Classification number PE1475
Item number .G47 2006
082 00 - DEWEY DECIMAL CLASSIFICATION NUMBER
Classification number 808.0666
Author Mark GER
100 1# - MAIN ENTRY--PERSONAL NAME
Personal name Gerson, Sharon J.,
Dates associated with a name 1948-
9 (RLIN) 11217
245 10 - TITLE STATEMENT
Title Technical writing :
Remainder of title process and product /
Statement of responsibility, etc. Sharon J. Gerson, Steven M. Gerson.
250 ## - EDITION STATEMENT
Edition statement 5th ed.
260 ## - PUBLICATION, DISTRIBUTION, ETC.
Place of publication, distribution, etc. Upper Saddle River, NJ :
Name of publisher, distributor, etc. Pearson Prentice Hall,
Date of publication, distribution, etc. 2006.
300 ## - PHYSICAL DESCRIPTION
Extent xxiv, 680 p. :
Other physical details col. ill. ;
Dimensions 28 cm.
504 ## - BIBLIOGRAPHY, ETC. NOTE
Bibliography, etc. note Includes bibliographical references (p. 668-675) and index.
650 #0 - SUBJECT ADDED ENTRY--TOPICAL TERM
Topical term or geographic name entry element English language
General subdivision Technical English.
9 (RLIN) 11218
650 #0 - SUBJECT ADDED ENTRY--TOPICAL TERM
Topical term or geographic name entry element English language
General subdivision Rhetoric.
9 (RLIN) 3245
650 #0 - SUBJECT ADDED ENTRY--TOPICAL TERM
Topical term or geographic name entry element Technical writing.
9 (RLIN) 7391
700 1# - ADDED ENTRY--PERSONAL NAME
Personal name Gerson, Steven M.,
Dates associated with a name 1948-
9 (RLIN) 11219
906 ## - LOCAL DATA ELEMENT F, LDF (RLIN)
a 7
b cbc
c orignew
d 1
e ocip
f 20
g y-gencatlg
942 ## - ADDED ENTRY ELEMENTS (KOHA)
Source of classification or shelving scheme
Koha item type Book
Holdings
Withdrawn status Lost status Source of classification or shelving scheme Damaged status Not for loan Collection code Permanent Location Current Location Shelving location Date acquired Total Checkouts Total Renewals Full call number Barcode Date last seen Date last checked out Copy number Price effective from Koha item type
            Central Library (CL) Central Library (CL) Book Cart 06/25/2018 2 2 808.0666 GER CL2267 02/05/2022 01/31/2022 1 06/25/2018 Book
© 2023 Central Library, National University of Sciences and Technology. All Rights Reserved.